| 000 | 00843cab a2200265 4500 | ||
|---|---|---|---|
| 001 | WB3114-23 | ||
| 008 | 090401t1995 xxu||||| |||| 00| 0 eng d | ||
| 035 | _a(Sirsi) u46200 | ||
| 041 | _aeng | ||
| 245 | _aChurch`s £800m losses | ||
| 260 | _c1995 | ||
| 350 | _a0 | ||
| 490 |
_aTimes _v4 April 1995, 8(1) |
||
| 520 | _aMPs are likely to gain greater control of Church of England finances following a House of Commons report into £800m losses, including property deals, one of which was an £80m development now worth £3m. | ||
| 650 | _aASSETS | ||
| 650 | _aCHURCH COMMISSIONERS | ||
| 650 | _aCHURCH OF ENGLAND | ||
| 650 | _aCOMMONS SOCIAL SECURITY SELECT COMMITTEE | ||
| 650 | _aGENERAL SYNOD | ||
| 650 | _aINVESTMENT STRATEGY | ||
| 650 | _aLOSSES | ||
| 690 | _aECONOMIC AND SOCIAL | ||
| 942 | _n0 | ||
| 948 | _c04/03/1997 | ||
| 999 |
_c29233 _d29233 |
||